Mensura e inventario forestal para la planificación y manejo sostenible de bosques de guadua (Registro nro. 6631)

Detalles MARC
000 -CABECERA
Campo de control 00511nam a2200157 a 4500
020 ## - ISBN
ISBN 9789588272887
090 ## - CLASIFICACIÓN LOCAL
Colección LB
Consecutivo 05321
041 ## - IDIOMA
Código de idioma para texto/pista de sonido o título separado Español
100 ## - ASIENTO PRINCIPAL--NOMBRE PERSONAL
Nombre personal Camargo García, Juan Carlos
245 ## - MENCION DE TITULO
Título Mensura e inventario forestal para la planificación y manejo sostenible de bosques de guadua
260 ## - PUBLICACION, DISTRIBUCION, ETC. (PIE DE IMPRENTA)
Lugar de publicación, distribución, etc. Pereira
Nombre del editor, distribuidor, etc. Universidad Tecnológica de Pereira
-- GATA
-- Colciencias
Fecha de publicación, distribución, etc. 2007
300 ## - DESCRIPCION FISICA
Extensión 125 p.
700 ## - ASIENTO SECUNDARIO - NOMBRE PERSONAL
Nombre personal Morales Pinzón, Tito
700 ## - ASIENTO SECUNDARIO - NOMBRE PERSONAL
Nombre personal García, Jorge Hugo
942 ## - ELEMENTOS ADICIONALES (KOHA)
Tipo de ítem
Existencias
Withdrawn status Lost status Sistema de Clasificación Damaged status No para préstamo Colección Inventariado Ubicación Permanente Ubicación actual Fecha de adquisición Fuente de Valor Valor Total Checkouts Número topográfico Inventario / Código de Barras Date last seen Ejemplar Price effective from Forma de adquisición Tipo de material
    Dewey Decimal Classification     General Inventariado 2017 Bogotá Bogotá 24/09/2014 Instituto 39000.00   LB-633.58 C172m 034886 24/09/2014 Ej. 1 24/09/2014   Libro
    Dewey Decimal Classification     General Inventariado 2017 Bogotá Bogotá 18/09/2017 Instituto 39000.00   LB-633.58 C172m 026442 18/09/2017 Ej. 2 18/09/2017 Donación Libro
    Dewey Decimal Classification     General Inventariado 2017 Sala Fabio Quevedo Sala Fabio Quevedo 19/07/2013 Instituto 39000.00   LB-633.58 C172m 028670 19/07/2013 Ej. 3 19/07/2013   Libro